000 00408cam a2200181ua 4500
020 _c2.00
041 _ahin
_h
082 _a891.54
_bPRE/KA
100 _aPremchand, .
245 _aKafan /
_cPremchand.
_hTextual Documents
250 _a10 /
_b.
260 _aIlahabad :
_bHans Prakashan ,
_c1961.
300 _a148 ; .
365 _a2.00
504 _a
942 _cBK
999 _c8260
_d8260